[Event "DEN-chT 1617 55th"]
[Site "Denmark"]
[Date "2017.01.29"]
[Round "6.2"]
[White "Ostergaard, Jens"]
[Black "Clausen, Steen"]
[Result "1/2-1/2"]
[WhiteElo "2239"]
[BlackElo "2188"]
[PlyCount "59"]
[EventDate "2016.10.29"]
[EventType "team-tourn"]
[EventRounds "9"]
[EventCountry "DEN"]
[SourceTitle "EXT 2018"]
[Source "ChessBase"]
[SourceDate "2017.10.13"]
[SourceVersion "1"]
[SourceVersionDate "2017.10.13"]
[SourceQuality "1"]
[WhiteTeam "Hillerod"]
[BlackTeam "Valby K41"]
[WhiteTeamCountry "DEN"]
[BlackTeamCountry "DEN"]

1. d4 Nf6 2. Nf3 d6 3. c4 Nbd7 4. Nc3 e5 5. e4 Be7 6. Be2 0-0 7. 0-0 c6 8. Re1 Re8 9. Bf1 Qc7 10. h3 Bf8 11. Bg5 h6 12. Bh4 g5 13. Bg3 Bg7 14. Rb1 Nh5 15. dxe5 dxe5 16. Bxe5 Nxe5 17. Nxe5 Rxe5 18. Qxh5 g4 19. Qh4 Rg5 20. e5 gxh3 21. g3 Bxe5 22. Ne4 Rg6 23. Bxh3 Bxh3 24. Qxh3 Rd8 25. b3 Kg7 26. Rbd1 Bd4 27. Qf5 c5 28. Kg2 b6 29. Qf3 Qc6 30. Nd2 1/2-1/2

[Event "DEN-chT 1617 55th"]
[Site "Denmark"]
[Date "2016.10.29"]
[Round "1.5"]
[White "Clausen, Steen"]
[Black "Hoi, Carsten"]
[Result "1/2-1/2"]
[WhiteElo "2188"]
[BlackElo "2382"]
[PlyCount "91"]
[EventDate "2016.10.29"]
[EventType "team-tourn"]
[EventRounds "9"]
[EventCountry "DEN"]
[SourceTitle "EXT 2018"]
[Source "ChessBase"]
[SourceDate "2017.10.13"]
[SourceVersion "1"]
[SourceVersionDate "2017.10.13"]
[SourceQuality "1"]
[WhiteTeam "Valby K41"]
[BlackTeam "Bronshoj"]
[WhiteTeamCountry "DEN"]
[BlackTeamCountry "DEN"]

1. d4 d5 2. Nf3 Nf6 3. c4 dxc4 4. e3 Bg4 5. Bxc4 e6 6. 0-0 a6 7. Qe2 Nc6 8. Rd1 Bd6 9. h3 Bh5 10. e4 Bxf3 11. Qxf3 e5 12. d5 Nd4 13. Qd3 b5 14. Bb3 Nd7 15. Re1 Nc5 16. Qd1 0-0 17. Bc2 Qh4 18. Nd2 Rae8 19. Nf3 Nxf3+ 20. Qxf3 f5 21. exf5 e4 22. Qg4 Qf6 23. Rb1 Qe5 24. g3 Qxf5 25. Qxf5 Rxf5 26. b4 Na4 27. Bd2 Rfe5 28. Bb3 Kf8 29. Kg2 Nb6 30. Bf4 Rf5 31. Bxd6+ cxd6 32. Rbc1 Nxd5 33. Rcd1 Nxb4 34. Rxd6 Nd3 35. Re2 Nc1 36. Rc2 Nxb3 37. axb3 Rf6 38. Rxf6+ gxf6 39. Rc6 Kf7 40. Rxa6 e3 41. Ra7+ Kg6 42. Kf1 exf2 43. Kxf2 Re4 44. Rd7 h5 45. Kf3 Rb4 46. Rd3 1/2-1/2

[Event "Copenhagen-ch"]
[Site "Copenhagen"]
[Date "1999.01.31"]
[Round "6"]
[White "Clausen, Steen"]
[Black "Holm Pedersen, Sejer"]
[Result "0-1"]
[WhiteElo "2270"]
[BlackElo "2339"]
[PlyCount "116"]
[EventDate "1999.01.??"]
[EventType "tourn"]
[EventRounds "9"]
[EventCountry "DEN"]
[EventCategory "3"]
[SourceTitle "EXT 2000"]
[Source "ChessBase"]
[SourceDate "1999.11.16"]
[SourceVersion "1"]
[SourceVersionDate "1999.11.16"]
[SourceQuality "1"]

1. d4 Nf6 2. c4 c5 3. d5 e6 4. Nc3 exd5 5. cxd5 d6 6. e4 g6 7. f4 Bg7 8. Bb5+ Nfd7 9. Be2 0-0 10. Nf3 Na6 11. 0-0 Nc7 12. Kh1 f5 13. e5 dxe5 14. d6 Ne6 15. Bc4 Nb6 16. Bxe6+ Bxe6 17. fxe5 h6 18. Be3 Rc8 19. Bg1 g5 20. Re1 g4 21. Nd2 Qh4 22. Nf1 f4 23. Re4 Qg5 24. Qd2 Nc4 25. Rxc4 Bxc4 26. Nd5 Rce8 27. Ne7+ Rxe7 28. dxe7 Qxe7 29. Rc1 Bxf1 30. Bxc5 Qd8 31. Qxd8 Rxd8 32. Rxf1 Bxe5 33. Bxa7 Ra8 34. Bc5 Rxa2 35. b4 Kg7 36. Kg1 Kg6 37. Rd1 Ra1 38. Rxa1 Bxa1 39. Kf2 Kf5 40. h3 h5 41. hxg4+ hxg4 42. Ke2 Ke4 43. Be7 b5 44. Bc5 Be5 45. Bf2 Bd6 46. Be1 f3+ 47. gxf3+ gxf3+ 48. Kf2 Be5 49. Kf1 Bd4 50. Bh4 Kd3 51. Be7 Kc4 52. Bd6 Bc3 53. Kf2 Bxb4 54. Bf4 Kd3 55. Kxf3 Bc5 56. Be5 b4 57. Bf6 b3 58. Bb2 Kc2 0-1

[Event "DEN-chT 9798"]
[Site "Denmark"]
[Date "1998.03.15"]
[Round "7.3"]
[White "Clausen, Steen"]
[Black "Pedersen, Daniel Vesterbaek"]
[Result "0-1"]
[WhiteElo "2270"]
[BlackElo "2335"]
[PlyCount "82"]
[EventDate "1997.11.02"]
[EventType "team-tourn"]
[EventRounds "7"]
[EventCountry "DEN"]
[SourceTitle "EXT 2023"]
[Source "ChessBase"]
[SourceDate "2022.10.05"]
[SourceVersion "1"]
[SourceVersionDate "2022.10.05"]
[SourceQuality "1"]
[WhiteTeam "Copenhagen K41"]
[BlackTeam "Aarhus"]
[WhiteTeamCountry "DEN"]
[BlackTeamCountry "DEN"]

1. d4 d5 2. c4 c6 3. Nc3 Nf6 4. Nf3 e6 5. Bg5 h6 6. Bxf6 Qxf6 7. e3 Nd7 8. cxd5 exd5 9. Bd3 g6 10. 0-0 Bg7 11. b4 0-0 12. Rb1 Qd6 13. Qc2 a5 14. a3 Re8 15. Na4 b5 16. Nc5 Nxc5 17. dxc5 Qc7 18. a4 bxa4 19. b5 cxb5 20. Bxb5 Bf5 21. Qxa4 Reb8 22. Rbc1 Bb2 23. Nd4 Bxc1 24. Rxc1 Bc8 25. h4 Ba6 26. Bxa6 Rxa6 27. h5 Qe7 28. c6 Kh7 29. hxg6+ fxg6 30. Qa2 Qd6 31. g3 a4 32. Qe2 Rab6 33. Qg4 Rb1 34. Rxb1 Rxb1+ 35. Kg2 a3 36. Qc8 a2 37. Ne6 a1Q 38. Nf8+ Qxf8 39. Qxf8 Qg7 40. Qd6 Rc1 41. Qxd5 Qc7 0-1

[Event "DEN-chT 9798"]
[Site "Denmark"]
[Date "1998.02.01"]
[Round "5.3"]
[White "Clausen, Steen"]
[Black "Antonsen, Mikkel"]
[Result "0-1"]
[WhiteElo "2270"]
[BlackElo "2410"]
[PlyCount "76"]
[EventDate "1997.11.02"]
[EventType "team-tourn"]
[EventRounds "7"]
[EventCountry "DEN"]
[SourceTitle "EXT 2023"]
[Source "ChessBase"]
[SourceDate "2022.10.05"]
[SourceVersion "1"]
[SourceVersionDate "2022.10.05"]
[SourceQuality "1"]
[WhiteTeam "Copenhagen K41"]
[BlackTeam "Nykobing Falster"]
[WhiteTeamCountry "DEN"]
[BlackTeamCountry "DEN"]

1. d4 Nf6 2. c4 e6 3. Nf3 d5 4. Nc3 Be7 5. cxd5 exd5 6. Bg5 c6 7. e3 Bf5 8. Bxf6 Bxf6 9. Bd3 Bxd3 10. Qxd3 0-0 11. 0-0 a5 12. e4 dxe4 13. Nxe4 Na6 14. Rfe1 Be7 15. a3 Nc7 16. Qb3 Ra7 17. Rac1 Nd5 18. Nc3 Nxc3 19. Rxc3 Bf6 20. Qc4 a4 21. Ne5 Ra5 22. h3 Rd5 23. Re4 c5 24. Rd3 b5 25. Qc2 cxd4 26. Ng4 h5 27. Nxf6+ Qxf6 28. Qe2 g6 29. Rf3 Qd6 30. Qd3 Rc8 31. g3 Qc5 32. Rf6 Qc4 33. Qf3 Rd7 34. Qf4 Qc1+ 35. Kg2 Qxf4 36. Rfxf4 d3 37. Rd4 Rcd8 38. Rxd7 Rxd7 0-1

[Event "DEN-chT 9798"]
[Site "Denmark"]
[Date "1997.11.16"]
[Round "3.3"]
[White "Clausen, Steen"]
[Black "Ochsner, Thomas"]
[Result "0-1"]
[WhiteElo "2270"]
[BlackElo "2300"]
[PlyCount "69"]
[EventDate "1997.11.02"]
[EventType "team-tourn"]
[EventRounds "7"]
[EventCountry "DEN"]
[SourceTitle "EXT 2023"]
[Source "ChessBase"]
[SourceDate "2022.10.05"]
[SourceVersion "1"]
[SourceVersionDate "2022.10.05"]
[SourceQuality "1"]
[WhiteTeam "Copenhagen K41"]
[BlackTeam "Skolerne"]
[WhiteTeamCountry "DEN"]
[BlackTeamCountry "DEN"]

1. d4 Nf6 2. c4 e6 3. Nf3 b6 4. g3 Bb7 5. Bg2 Be7 6. 0-0 0-0 7. Nc3 Ne4 8. Nxe4 Bxe4 9. Ne1 Bxg2 10. Kxg2 d5 11. Qb3 Nc6 12. Nf3 Na5 13. Qa4 Nxc4 14. b3 Nd6 15. Bf4 g5 16. Bxd6 Bxd6 17. Rac1 f6 18. b4 Qe8 19. Qb3 a5 20. b5 a4 21. Qb2 Ra5 22. Rc6 Qg6 23. Rfc1 a3 24. Qb3 Qe4 25. h3 h5 26. Kg1 Rf7 27. R1c2 g4 28. hxg4 hxg4 29. Nh4 Qxd4 30. Qb1 Qe4 31. Qc1 Rxb5 32. R6c3 Rb2 33. Rxb2 axb2 34. Qxb2 Be5 35. Qc1 0-1

[Event "DEN-chT 9798"]
[Site "Denmark"]
[Date "1997.11.15"]
[Round "2.3"]
[White "Rodgaard, John"]
[Black "Clausen, Steen"]
[Result "1-0"]
[WhiteElo "2320"]
[BlackElo "2270"]
[PlyCount "83"]
[EventDate "1997.11.02"]
[EventType "team-tourn"]
[EventRounds "7"]
[EventCountry "DEN"]
[SourceTitle "EXT 2023"]
[Source "ChessBase"]
[SourceDate "2022.10.05"]
[SourceVersion "1"]
[SourceVersionDate "2022.10.05"]
[SourceQuality "1"]
[WhiteTeam "Gistrup"]
[BlackTeam "Copenhagen K41"]
[WhiteTeamCountry "DEN"]
[BlackTeamCountry "DEN"]

1. c4 c5 2. Nf3 Nc6 3. d4 cxd4 4. Nxd4 g6 5. e4 Bg7 6. Be3 Nf6 7. Nc3 0-0 8. Be2 d6 9. 0-0 Bd7 10. Rc1 a5 11. Ndb5 Ne5 12. f3 Rc8 13. b3 Bc6 14. Qd2 h5 15. Na4 Nfd7 16. Rfd1 b6 17. Na7 Ra8 18. Nxc6 Nxc6 19. f4 Nc5 20. Bf3 Rc8 21. Nc3 Nb4 22. Nd5 Nxd5 23. exd5 Qd7 24. Re1 Rfe8 25. Re2 Qf5 26. Rd1 Rb8 27. g3 Nd7 28. Bf2 Nf6 29. Rde1 Kf8 30. Kg2 Bh6 31. Bd4 Bg7 32. Qc3 Qd7 33. a4 Qf5 34. Re3 Bh6 35. Be4 Nxe4 36. Rxe4 Qd7 37. Qe3 Qd8 38. Qf3 Rb7 39. f5 Kg8 40. fxg6 fxg6 41. Re6 Rf8 42. Rxg6+ 1-0

[Event "DEN-chT 9596"]
[Site "Denmark"]
[Date "1996.??.??"]
[Round "4"]
[White "Auchenberg, Per"]
[Black "Clausen, Steen"]
[Result "0-1"]
[WhiteElo "2215"]
[BlackElo "2275"]
[PlyCount "68"]
[EventDate "1995.??.??"]
[EventType "team"]
[EventRounds "7"]
[EventCountry "DEN"]
[SourceTitle "EXT 2000"]
[Source "ChessBase"]
[SourceDate "1999.11.16"]
[SourceVersion "1"]
[SourceVersionDate "1999.11.16"]
[SourceQuality "1"]

1. d4 d5 2. c4 c6 3. Nc3 Nf6 4. Bg5 dxc4 5. a4 Qa5 6. Bd2 e5 7. Nf3 exd4 8. Nxd4 Qe5 9. e3 Bc5 10. Nf3 Qe7 11. Bxc4 0-0 12. 0-0 Bg4 13. Be2 Nbd7 14. a5 Rad8 15. Qc2 Ne5 16. Nxe5 Qxe5 17. Ra4 Bf5 18. e4 Bg4 19. Bc1 Bd4 20. Bd3 h6 21. Ne2 Bxe2 22. Qxe2 Rfe8 23. Re1 Qc5 24. Be3 Bxe3 25. Qxe3 Qxe3 26. Rxe3 Nxe4 27. Raxe4 Rxe4 28. Rxe4 Rxd3 29. g3 Rb3 30. Re2 a6 31. Kg2 Kf8 32. f4 Rb5 33. Re5 Rxb2+ 34. Kf3 Rb5 0-1

[Event "Politiken Cup 18th"]
[Site "Copenhagen"]
[Date "1996.??.??"]
[Round "9"]
[White "Clausen, Steen"]
[Black "Bogdanovich, Grigory Grigorievic"]
[Result "0-1"]
[WhiteElo "2255"]
[BlackElo "2375"]
[PlyCount "182"]
[EventDate "1996.06.??"]
[EventType "swiss"]
[EventRounds "11"]
[EventCountry "DEN"]
[SourceTitle "CBM 054 Extra"]
[Source "ChessBase"]
[SourceDate "1996.11.01"]
[SourceVersion "1"]
[SourceVersionDate "1996.11.01"]
[SourceQuality "1"]

1. c4 e6 2. Nf3 d5 3. g3 c6 4. Bg2 Nf6 5. 0-0 Nbd7 6. d3 Bd6 7. Nc3 e5 8. cxd5 Nxd5 9. e4 Nxc3 10. bxc3 0-0 11. d4 Qe7 12. Re1 Rd8 13. Qb3 h6 14. a4 b6 15. Nd2 Ba6 16. Nc4 Bxc4 17. Qxc4 Rac8 18. Be3 Rc7 19. f4 exd4 20. cxd4 Bb4 21. Re2 Nf6 22. Bf3 a5 23. Bf2 Qd7 24. Kg2 b5 25. Qc2 Rdc8 26. h3 bxa4 27. Qxa4 Re8 28. Qc2 Ra8 29. Qc4 Rcc8 30. g4 Qc7 31. Bg3 Qb7 32. g5 hxg5 33. fxg5 Nd7 34. Bg4 Re8 35. Rf1 Nf8 36. Ref2 Re7 37. Bh5 g6 38. Be2 Ra7 39. Be5 c5 40. Bd3 cxd4 41. Bxd4 Rxe4 42. Rf3 Rf4 43. Kg3 Rxf3+ 44. Rxf3 Qc7+ 45. Qxc7 Rxc7 46. Bb5 Ne6 47. Bf6 Rc5 48. Be8 Kf8 49. Ba4 Nxg5 50. Re3 Ne6 51. Bd7 Rf5 52. Bd8 Bd6+ 53. Kg2 Nf4+ 54. Kf3 Ne6+ 55. Kg2 Be7 56. Bb6 Bc5 57. Bxc5+ Rxc5 58. Bxe6 fxe6 59. Rxe6 Kg7 60. Ra6 Rc2+ 61. Kg3 Ra2 62. Kg4 Kh6 63. Ra8 Ra4+ 64. Kg3 Ra1 65. Rh8+ Kg7 66. Ra8 Ra4 67. Ra6 Kf7 68. Rb6 Rb4 69. Ra6 a4 70. h4 Kg7 71. Kh3 Kh7 72. Kg3 Kh6 73. Ra5 Rb3+ 74. Kg4 Ra3 75. h5 Ra1 76. hxg6 a3 77. Kf3 Kxg6 78. Ra6+ Kf5 79. Ra5+ Ke6 80. Ra6+ Kd5 81. Ra8 Kc4 82. Rc8+ Kb3 83. Rb8+ Ka2 84. Ke2 Rb1 85. Ra8 Rb3 86. Rd8 Kb2 87. Rd2+ Kc3 88. Rd6 Kc4 89. Rd8 Rb2+ 90. Ke3 a2 91. Ra8 Kc3 0-1

[Event "Politiken Cup 18th"]
[Site "Copenhagen"]
[Date "1996.??.??"]
[Round "7"]
[White "Clausen, Steen"]
[Black "Jensen, Henrik W"]
[Result "1-0"]
[WhiteElo "2255"]
[BlackElo "2150"]
[PlyCount "61"]
[EventDate "1996.06.??"]
[EventType "swiss"]
[EventRounds "11"]
[EventCountry "DEN"]
[SourceTitle "CBM 054 Extra"]
[Source "ChessBase"]
[SourceDate "1996.11.01"]
[SourceVersion "1"]
[SourceVersionDate "1996.11.01"]
[SourceQuality "1"]

1. d4 Nf6 2. c4 e5 3. d5 Bb4+ 4. Bd2 Bxd2+ 5. Nxd2 e4 6. e3 d6 7. Ne2 0-0 8. Nc3 Re8 9. Be2 Bf5 10. g4 Bg6 11. h4 h6 12. Nb3 a5 13. Qd2 Nbd7 14. 0-0-0 Ne5 15. Rdg1 Nfd7 16. h5 Bh7 17. g5 hxg5 18. h6 a4 19. Nd4 Nc5 20. hxg7 Ned3+ 21. Bxd3 Nxd3+ 22. Kb1 Bg6 23. f4 Nxf4 24. Ka1 Kxg7 25. exf4 e3 26. Qh2 Rh8 27. Qxh8+ Qxh8 28. Rxh8 Rxh8 29. fxg5 Bd3 30. Nxa4 Bxc4 31. Nf5+ 1-0

[Event "DEN-ch qual"]
[Site "Copenhagen"]
[Date "1995.??.??"]
[Round "4"]
[White "Brinck Claussen, Bjorn"]
[Black "Clausen, Steen"]
[Result "1/2-1/2"]
[WhiteElo "2355"]
[BlackElo "2275"]
[PlyCount "26"]
[EventDate "1995.??.??"]
[EventType "swiss"]
[EventRounds "7"]
[EventCountry "DEN"]
[SourceTitle "EXT 1998"]
[Source "ChessBase"]
[SourceDate "1997.11.17"]
[SourceVersion "1"]
[SourceVersionDate "1997.11.17"]
[SourceQuality "1"]

1. e4 d6 2. d4 Nf6 3. Nc3 g6 4. f4 Bg7 5. Nf3 c5 6. Bb5+ Bd7 7. e5 Ng4 8. e6 Bxb5 9. exf7+ Kd7 10. Nxb5 Qa5+ 11. Nc3 cxd4 12. Nxd4 Bxd4 13. Qxd4 Nc6 1/2-1/2

[Event "Copenhagen op2"]
[Site "Copenhagen"]
[Date "1994.??.??"]
[Round "6"]
[White "Clausen, Steen"]
[Black "Hansen, Lars"]
[Result "1/2-1/2"]
[WhiteElo "2275"]
[BlackElo "2240"]
[PlyCount "118"]
[EventDate "1994.06.??"]
[EventType "swiss"]
[EventRounds "7"]
[EventCountry "DEN"]
[SourceTitle "EXT 1997"]
[Source "ChessBase"]
[SourceDate "1996.11.15"]
[SourceVersion "1"]
[SourceVersionDate "1996.11.15"]
[SourceQuality "1"]

1. d4 d5 2. c4 dxc4 3. Nf3 Nf6 4. Nc3 c6 5. e4 b5 6. e5 Nd5 7. a4 e6 8. axb5 Nxc3 9. bxc3 cxb5 10. Ng5 Bb7 11. Qh5 g6 12. Qg4 Be7 13. Ne4 h5 14. Qf4 Bd5 15. Be2 Nc6 16. 0-0 b4 17. Nf6+ Bxf6 18. exf6 bxc3 19. Ba3 g5 20. Qxg5 Nxd4 21. Rfe1 Qc7 22. Be7 Kd7 23. Qe3 Nc2 24. Qxc3 Nxe1 25. Rxe1 Rag8 26. Bf3 Qc6 27. Rd1 Kc8 28. Bxd5 exd5 29. g3 Kb8 30. Qe5+ Ka8 31. Rxd5 Rb8 32. f3 Qb6+ 33. Rd4 Rhc8 34. Kg2 c3 35. Ba3 c2 36. Qf4 Qc6 37. Bc1 Rb1 38. Rd6 Qb7 39. Qd2 Rb3 40. Kh3 Qxf3 41. Rd4 Qf1+ 42. Kh4 Qxf6+ 43. Kh3 Qf1+ 44. Kh4 Rb1 45. Rf4 Qxc1 46. Qd5+ Kb8 47. Qd6+ Rc7 48. Rc4 Qg5+ 49. Kxg5 c1Q+ 50. Rxc1 Rbxc1 51. Kxh5 R1c5+ 52. Kh4 Kb7 53. g4 a5 54. Qd4 Rc4 55. Qd5+ Kb6 56. Qd6+ Kb5 57. Qd5+ Kb6 58. Qd6+ Kb5 59. Qd5+ Kb6 1/2-1/2

[Event "Copenhagen op2"]
[Site "Copenhagen"]
[Date "1994.??.??"]
[Round "1"]
[White "Clausen, Steen"]
[Black "Jensen, Stein"]
[Result "1/2-1/2"]
[WhiteElo "2275"]
[BlackElo "2205"]
[PlyCount "116"]
[EventDate "1994.06.??"]
[EventType "swiss"]
[EventRounds "7"]
[EventCountry "DEN"]
[SourceTitle "EXT 1997"]
[Source "ChessBase"]
[SourceDate "1996.11.15"]
[SourceVersion "1"]
[SourceVersionDate "1996.11.15"]
[SourceQuality "1"]

1. d4 Nf6 2. c4 e6 3. Nc3 Bb4 4. Qc2 d5 5. cxd5 Qxd5 6. Nf3 Qf5 7. Qxf5 exf5 8. Bd2 0-0 9. g3 Nbd7 10. Bg2 Nb6 11. Ne5 Rd8 12. e3 c6 13. Nd3 Bf8 14. 0-0-0 Be6 15. Nf4 Bc4 16. b3 Ba6 17. Bf1 Bxf1 18. Rhxf1 Ne4 19. Kb2 Rac8 20. Nxe4 fxe4 21. Ba5 Bd6 22. Ne2 Re8 23. Bxb6 axb6 24. Nc3 Bb4 25. a3 Bxc3+ 26. Kxc3 Rcd8 27. d5 cxd5 28. Kb4 Re6 29. Rd4 Kf8 30. Kb5 Ke7 31. Rc1 Rd7 32. h4 h5 33. a4 Kf6 34. b4 Kf5 35. Rcd1 Red6 36. Rc1 f6 37. Rd2 Kg4 38. Rc8 Re7 39. Rh8 Re5 40. Rd4 g5 41. Rh7 gxh4 42. gxh4 Kf3 43. Rxb7 Kxf2 44. Rxb6 Rxb6+ 45. Kxb6 Kxe3 46. Kc5 Kf2 47. a5 e3 48. a6 e2 49. Rd2 d4+ 50. Kxd4 Re8 51. Ra2 f5 52. b5 f4 53. a7 f3 54. b6 Rd8+ 55. Kc5 Kg1 56. Ra1+ Rd1 57. a8Q e1Q 58. Rxd1 Qxd1 1/2-1/2

[Event "Copenhagen op2"]
[Site "Copenhagen"]
[Date "1994.??.??"]
[Round "5"]
[White "Clausen, Steen"]
[Black "Palm, Nikolaj"]
[Result "1-0"]
[WhiteElo "2275"]
[BlackElo "2220"]
[PlyCount "95"]
[EventDate "1994.06.??"]
[EventType "swiss"]
[EventRounds "7"]
[EventCountry "DEN"]
[SourceTitle "EXT 1997"]
[Source "ChessBase"]
[SourceDate "1996.11.15"]
[SourceVersion "1"]
[SourceVersionDate "1996.11.15"]
[SourceQuality "1"]

1. c4 e5 2. Nc3 d6 3. g3 f5 4. Bg2 Nf6 5. d3 c6 6. Nf3 Be7 7. 0-0 0-0 8. c5 Nbd7 9. cxd6 Bxd6 10. b4 Nb6 11. a3 Kh8 12. Bb2 Qe7 13. Nd2 Bd7 14. Nb3 Rad8 15. Qc2 g5 16. Na5 Bc8 17. Nc4 Bc7 18. b5 c5 19. a4 f4 20. a5 Nbd5 21. Nxd5 Nxd5 22. b6 axb6 23. Bxd5 Rxd5 24. axb6 Bb8 25. Ra8 Bh3 26. Re1 Qf6 27. e4 fxg3 28. hxg3 Qf3 29. Ne3 Rd4 30. Qe2 Qf7 31. Bxd4 exd4 32. Nf5 Bxf5 33. exf5 Qxf5 34. Rc1 g4 35. Rc2 h5 36. Qe7 c4 37. dxc4 h4 38. Qxh4+ Kg7 39. Raa2 d3 40. Rd2 Bd6 41. Qh1 Bxg3 42. Qxb7+ Rf7 43. Qd5 Qf4 44. Qg2 Bh4 45. b7 Re7 46. Ra1 Re2 47. Rxe2 dxe2 48. b8Q 1-0

[Event "Taastrup"]
[Site "Taastrup"]
[Date "1994.??.??"]
[Round "5"]
[White "Jakobsen, Peter"]
[Black "Clausen, Steen"]
[Result "1/2-1/2"]
[WhiteElo "2270"]
[BlackElo "2275"]
[PlyCount "73"]
[EventDate "1994.??.??"]
[EventType "tourn"]
[EventRounds "9"]
[EventCountry "DEN"]
[EventCategory "3"]
[SourceTitle "EXT 1998"]
[Source "ChessBase"]
[SourceDate "1997.11.17"]
[SourceVersion "1"]
[SourceVersionDate "1997.11.17"]
[SourceQuality "1"]

1. d4 d5 2. c4 e6 3. Nc3 Nf6 4. Bg5 Be7 5. e3 h6 6. Bxf6 Bxf6 7. Nf3 0-0 8. Rc1 g6 9. cxd5 exd5 10. Bd3 Be6 11. 0-0 c6 12. b4 b6 13. e4 a6 14. Re1 Ra7 15. exd5 Bxd5 16. Ne5 Bxe5 17. dxe5 Rd7 18. Qe2 Be6 19. Rcd1 Kg7 20. Ne4 Rd4 21. Nd6 c5 22. bxc5 bxc5 23. Bxa6 Nxa6 24. Qxa6 Rxd1 25. Rxd1 Qa8 26. Qe2 Qxa2 27. Qxa2 Bxa2 28. Rc1 Rb8 29. Kf1 Rb1 30. Rxb1 Bxb1 31. Ke2 Kf8 32. Ke3 Ke7 33. Nb5 Ba2 34. Nc3 Bb3 35. Ne4 Bd5 36. Nxc5 Bxg2 37. f3 1/2-1/2

[Event "DEN-chT 9495"]
[Site "Denmark"]
[Date "1994.??.??"]
[Round "3"]
[White "Pedersen, Daniel Vesterbaek"]
[Black "Clausen, Steen"]
[Result "1/2-1/2"]
[WhiteElo "2230"]
[BlackElo "2275"]
[PlyCount "38"]
[EventDate "1994.11.??"]
[EventType "team-tourn"]
[EventRounds "7"]
[EventCountry "DEN"]
[SourceTitle "EXT 1999"]
[Source "ChessBase"]
[SourceDate "1998.11.16"]
[SourceVersion "1"]
[SourceVersionDate "1998.11.16"]
[SourceQuality "1"]

1. e4 d6 2. d4 Nf6 3. Nc3 g6 4. Nf3 Bg7 5. Be2 0-0 6. 0-0 c6 7. a4 a5 8. h3 Na6 9. Be3 Nb4 10. Nd2 b6 11. Na2 Nxa2 12. Rxa2 d5 13. e5 Ne8 14. f4 f6 15. Ra3 Nc7 16. Rb3 b5 17. Ra3 b4 18. Ra1 Bh6 19. Nb3 fxe5 1/2-1/2

[Event "Copenhagen op2"]
[Site "Copenhagen"]
[Date "1993.??.??"]
[Round "5"]
[White "Clausen, Steen"]
[Black "Bjerring, Kai"]
[Result "0-1"]
[WhiteElo "2285"]
[BlackElo "2350"]
[PlyCount "104"]
[EventDate "1993.??.??"]
[EventType "swiss"]
[EventRounds "7"]
[EventCountry "DEN"]
[SourceTitle "EXT 2000"]
[Source "ChessBase"]
[SourceDate "1999.11.16"]
[SourceVersion "1"]
[SourceVersionDate "1999.11.16"]
[SourceQuality "1"]

1. d4 d5 2. Nf3 Nf6 3. c4 c6 4. Nc3 dxc4 5. a4 Bf5 6. e3 e6 7. Bxc4 Bb4 8. 0-0 Nbd7 9. Qe2 Bg6 10. Rd1 Qa5 11. Bd2 e5 12. e4 0-0 13. Nxe5 Nxe5 14. dxe5 Qxe5 15. f3 Rfe8 16. Be1 Nh5 17. g3 Kh8 18. Bf2 f5 19. f4 Qa5 20. e5 Nf6 21. h3 Bh5 22. Qc2 Bxd1 23. Rxd1 Bxc3 24. Qxc3 Qxc3 25. bxc3 Ne4 26. Rd7 Rad8 27. Rxd8 Rxd8 28. Bxa7 g6 29. Bb6 Ra8 30. a5 Kg7 31. g4 Kf8 32. gxf5 gxf5 33. Be6 Nxc3 34. Bxf5 Nd5 35. Bc5+ Kf7 36. e6+ Kf6 37. Bxh7 Nxf4 38. e7 Ng6 39. Bd4+ Kf7 40. Bxg6+ Kxg6 41. Bb6 Re8 42. Bd8 Kf5 43. Kf2 Ke4 44. Ke2 Kd4 45. Kd2 Kd5 46. h4 Kd6 47. Ke3 Rh8 48. Kf3 Kd7 49. Kg4 c5 50. Bb6 Rc8 51. Kf3 Kxe7 52. Ke3 Kd6 0-1

[Event "DEN-chT 9394"]
[Site "Denmark"]
[Date "1993.??.??"]
[Round "2"]
[White "Clausen, Steen"]
[Black "Jacobsen, Bo"]
[Result "0-1"]
[WhiteElo "2285"]
[BlackElo "2250"]
[PlyCount "64"]
[EventDate "1993.11.??"]
[EventType "team-tourn"]
[EventRounds "7"]
[EventCountry "DEN"]
[SourceTitle "EXT 2000"]
[Source "ChessBase"]
[SourceDate "1999.11.16"]
[SourceVersion "1"]
[SourceVersionDate "1999.11.16"]
[SourceQuality "1"]

1. d4 Nf6 2. c4 g6 3. Nc3 Bg7 4. e4 0-0 5. f4 c5 6. dxc5 Qa5 7. Bd3 Na6 8. e5 Ne8 9. Nf3 Nxc5 10. 0-0 Nxd3 11. Qxd3 d6 12. Nd5 e6 13. Bd2 Qd8 14. Ne3 Qb6 15. b4 Bd7 16. c5 Bb5 17. Qc3 dxc5 18. bxc5 Qa6 19. Rfb1 Nc7 20. Rb3 Rfd8 21. Nd4 Ba4 22. Rb4 Bf8 23. Rc1 Rac8 24. Ng4 Nd5 25. Qh3 h5 26. Nf6+ Nxf6 27. exf6 Rxc5 28. Re1 Rcc8 29. Rxa4 Qxa4 30. Nf3 Rxd2 31. Nxd2 Qd4+ 32. Kh1 Qxd2 0-1

[Event "Copenhagen Obro op"]
[Site "Copenhagen"]
[Date "1993.??.??"]
[Round "6"]
[White "Clausen, Steen"]
[Black "Lindfeldt, Jan Magnus"]
[Result "1-0"]
[WhiteElo "2285"]
[BlackElo "2185"]
[PlyCount "60"]
[EventDate "1993.??.??"]
[EventType "swiss"]
[EventRounds "9"]
[EventCountry "DEN"]
[SourceTitle "EXT 1997"]
[Source "ChessBase"]
[SourceDate "1996.11.15"]
[SourceVersion "1"]
[SourceVersionDate "1996.11.15"]
[SourceQuality "1"]

1. c4 Nf6 2. Nc3 g6 3. g3 Bg7 4. Bg2 0-0 5. Nf3 d5 6. cxd5 Nxd5 7. h4 h5 8. Qb3 Nb6 9. d3 Nc6 10. Be3 Be6 11. Qa3 a5 12. Ng5 Nb4 13. Nxe6 Nc2+ 14. Kd1 Nxa3 15. Nxd8 Rfxd8 16. bxa3 Bxc3 17. Rc1 Na4 18. Bxb7 Rab8 19. Bc6 Nb2+ 20. Kc2 Bg7 21. Rb1 Rd6 22. Bf3 Kh7 23. Ba7 Rb5 24. a4 Rb4 25. a3 Rxa4 26. Kb3 Ra6 27. Bc5 Rd4 28. Rxb2 Rd8 29. Rc2 e5 30. Ka2 f5 1-0